00909nas a2200313 4500001001300000003000900013005001700022007000300039008003400042040005400076041000900130072000800139100001300147100001800160100001700178100001700195100001600212100002000228100002100248100001700269245009600286650001800382650001500400650001800415650001700433650001600450650001200466773011700478BR2016003950BR-BrBNA20231205130633.0ta230509b bl.|||p| |||| 00| 00por d aBR-BrBNAbporcBiblioteca Nacional de Agricultura a(En) aL731 aMion, L.1 aParizotto, L.1 aCalasans, M.1 aDickel, E.L.1 aPilotto, F.1 aRodrigues, L.B.1 aNascimento, V.P.1 aSantos, L.R.1 aEffect of antimicrobials on salmonella spp. strains isolated from poultry processing plants aAVE DOMESTICA aSALMONELLA aDOENCA ANIMAL aDESINFETANTE aANTIBIOTICO aANALISE0 tBrazilian Journal of Poultry Science (Brazil)xISSN 1516-635Xg(May-Jun 2016), v. 18(2) p. 337-342wBR2016003950